<?xml version="1.0" encoding="UTF-8"?>
<record
    xmlns:xsi="http://www.w3.org/2001/XMLSchema-instance"
    xsi:schemaLocation="http://www.loc.gov/MARC21/slim http://www.loc.gov/standards/marcxml/schema/MARC21slim.xsd"
    xmlns="http://www.loc.gov/MARC21/slim">

  <leader>00486nam a2200181Ia 4500</leader>
  <controlfield tag="008">230718s9999    xx            000 0 und d</controlfield>
  <datafield tag="020" ind1=" " ind2=" ">
    <subfield code="a">9788121925556</subfield>
  </datafield>
  <datafield tag="041" ind1=" " ind2=" ">
    <subfield code="a">eng</subfield>
  </datafield>
  <datafield tag="082" ind1=" " ind2=" ">
    <subfield code="a">621.381</subfield>
    <subfield code="b">THE</subfield>
  </datafield>
  <datafield tag="100" ind1=" " ind2=" ">
    <subfield code="a">Theraja B.L.</subfield>
    <subfield code="9">126181</subfield>
  </datafield>
  <datafield tag="245" ind1=" " ind2=" ">
    <subfield code="a">Basic Electronics</subfield>
    <subfield code="b">Solid State</subfield>
  </datafield>
  <datafield tag="250" ind1=" " ind2=" ">
    <subfield code="a">5th ed.</subfield>
  </datafield>
  <datafield tag="260" ind1=" " ind2=" ">
    <subfield code="c">2014</subfield>
    <subfield code="b">S.Chand</subfield>
  </datafield>
  <datafield tag="300" ind1=" " ind2=" ">
    <subfield code="a">715</subfield>
  </datafield>
  <datafield tag="365" ind1=" " ind2=" ">
    <subfield code="c">Rs.</subfield>
    <subfield code="b">595.00</subfield>
  </datafield>
  <datafield tag="700" ind1=" " ind2=" ">
    <subfield code="a">Theraja B.L.</subfield>
    <subfield code="9">126181</subfield>
  </datafield>
  <datafield tag="906" ind1=" " ind2=" ">
    <subfield code="d">O:0479722-Dec-2015B:SE/SI/248913-Oct-2015</subfield>
    <subfield code="c">ALLIED</subfield>
    <subfield code="b">1178.1</subfield>
  </datafield>
  <datafield tag="999" ind1=" " ind2=" ">
    <subfield code="c">340737</subfield>
    <subfield code="d">340737</subfield>
  </datafield>
  <datafield tag="952" ind1=" " ind2=" ">
    <subfield code="0">0</subfield>
    <subfield code="1">0</subfield>
    <subfield code="4">0</subfield>
    <subfield code="7">0</subfield>
    <subfield code="a">CCEP</subfield>
    <subfield code="b">CCEP</subfield>
    <subfield code="d">2015-12-22</subfield>
    <subfield code="e">Suyog Enterprises</subfield>
    <subfield code="f">ALLIED</subfield>
    <subfield code="g">464.10</subfield>
    <subfield code="i">SE/SI/2489</subfield>
    <subfield code="l">3</subfield>
    <subfield code="o">621.381</subfield>
    <subfield code="p">CCEP-BK-51944</subfield>
    <subfield code="r">2026-03-11 12:22:17</subfield>
    <subfield code="s">2026-02-25</subfield>
    <subfield code="t">1178.1</subfield>
    <subfield code="v">595.00</subfield>
    <subfield code="w">2015-10-13</subfield>
    <subfield code="y">BK</subfield>
    <subfield code="z">051944</subfield>
  </datafield>
</record>
